Manual of clinical problems in pediatrics with annotated key references / (Record no. 107375)
[ view plain ]
| 000 -LEADER | |
|---|---|
| fixed length control field | 01922nam a2200409 i 4500 |
| 001 - CONTROL NUMBER | |
| control field | ebr10865245 |
| 003 - CONTROL NUMBER IDENTIFIER | |
| control field | CaPaEBR |
| 006 - FIXED-LENGTH DATA ELEMENTS--ADDITIONAL MATERIAL CHARACTERISTICS--GENERAL INFORMATION | |
| fixed length control field | m o d |
| 007 - PHYSICAL DESCRIPTION FIXED FIELD--GENERAL INFORMATION | |
| fixed length control field | cr cn||||||||| |
| 008 - FIXED-LENGTH DATA ELEMENTS--GENERAL INFORMATION | |
| fixed length control field | 140508t20012001paua o 001 0 eng d |
| 020 ## - INTERNATIONAL STANDARD BOOK NUMBER | |
| Cancelled/invalid ISBN | 9780781728935 |
| International Standard Book Number | 9781469875378 (e-book) |
| 040 ## - CATALOGING SOURCE | |
| Original cataloging agency | CaPaEBR |
| Language of cataloging | eng |
| Description conventions | rda |
| -- | pn |
| Transcribing agency | CaPaEBR |
| 035 ## - SYSTEM CONTROL NUMBER | |
| System control number | (OCoLC)70664001 |
| 050 14 - LIBRARY OF CONGRESS CALL NUMBER | |
| Classification number | RJ48 |
| Item number | .M368 2001eb |
| 082 04 - DEWEY DECIMAL CLASSIFICATION NUMBER | |
| Classification number | 618.92 |
| Edition number | 23 |
| 245 00 - TITLE STATEMENT | |
| Title | Manual of clinical problems in pediatrics with annotated key references / |
| Statement of responsibility, etc | Kenneth B. Roberts, editor ; Timothy Y. Hiscock, acquisition editor ; Selina M. Bush, developmental editor ; Benjamin Rivera, production editor. |
| 250 ## - EDITION STATEMENT | |
| Edition statement | Fifth edition. |
| 264 #1 - PRODUCTION, PUBLICATION, DISTRIBUTION, MANUFACTURE, AND COPYRIGHT NOTICE | |
| Place of production, publication, distribution, manufacture | Philadelphia, Pennsylvania : |
| Name of producer, publisher, distributor, manufacturer | Lippincott Williams & Wilkins, |
| Date of production, publication, distribution, manufacture, or copyright notice | 2001. |
| Date of production, publication, distribution, manufacture, or copyright notice | �2001 |
| 300 ## - PHYSICAL DESCRIPTION | |
| Extent | 1 online resource (553 pages) : |
| Other physical details | illustrations |
| 336 ## - CONTENT TYPE | |
| Content type term | text |
| Source | rdacontent |
| 337 ## - MEDIA TYPE | |
| Media type term | computer |
| Source | rdamedia |
| 338 ## - CARRIER TYPE | |
| Carrier type term | online resource |
| Source | rdacarrier |
| 500 ## - GENERAL NOTE | |
| General note | Includes index. |
| 588 ## - SOURCE OF DESCRIPTION NOTE | |
| Source of description note | Description based on online resource; title from PDF title page (ebrary, viewed May 7, 2014). |
| 590 ## - LOCAL NOTE (RLIN) | |
| Local note | Electronic reproduction. Palo Alto, Calif. : ebrary, 2014. Available via World Wide Web. Access may be limited to ebrary affiliated libraries. |
| 650 #0 - SUBJECT ADDED ENTRY--TOPICAL TERM | |
| Topical term or geographic name as entry element | Pediatrics |
| Form subdivision | Handbooks, manuals, etc. |
| 655 #0 - INDEX TERM--GENRE/FORM | |
| Genre/form data or focus term | Electronic books. |
| 700 1# - ADDED ENTRY--PERSONAL NAME | |
| Personal name | Roberts, Kenneth B., |
| Relator term | editor. |
| Personal name | Hiscock, Timothy Y., |
| Relator term | editor. |
| Personal name | Bush, Selina M., |
| Relator term | editor. |
| Personal name | Rivera, Benjamin, |
| Relator term | editor. |
| 776 08 - ADDITIONAL PHYSICAL FORM ENTRY | |
| Display text | Print version: |
| Title | Manual of clinical problems in pediatrics with annotated key references. |
| Edition | Fifth edition. |
| Place, publisher, and date of publication | Philadelphia, Pennsylvania : Lippincott Williams & Wilkins, c2001 |
| Physical description | xviii, 540 pages |
| International Standard Book Number | 9780781728935 |
| 797 2# - LOCAL ADDED ENTRY--CORPORATE NAME (RLIN) | |
| Corporate name or jurisdiction name as entry element | ebrary. |
| 856 40 - ELECTRONIC LOCATION AND ACCESS | |
| Uniform Resource Identifier | <a href="http://site.ebrary.com/lib/rucke/Doc?id=10865245">http://site.ebrary.com/lib/rucke/Doc?id=10865245</a> |
| Public note | An electronic book accessible through the World Wide Web; click to view |
No items available.
